| 000 | 00648nam a2200181 a 4500 | ||
|---|---|---|---|
| 001 | 000042666 | ||
| 005 | 20201002040318.0 | ||
| 008 | 140204s1876 enkab 000 0 spa d | ||
| 040 |
_aDO-SdBNP _bspa _cBNPHU |
||
| 082 |
_axxxx _bxxxx |
||
| 100 | 1 |
_aBidwell, Charles Toll _969956 |
|
| 245 | 1 | 0 |
_aThe Balearic Islands / _cCharles Toll Bidwell. |
| 260 |
_aLondon, París : _bSampson Low, Marston, Searle & Rivington, _c1876. |
||
| 300 |
_aVII, 341 p. : _bil., mapas ; _c23 cm. |
||
| 500 | _aLa biblioteca posee la reimpresión 1978 | ||
| 500 | _aWith map and illustrations | ||
| 500 | _aIncluye referencias bibliográficas y notas al pie de las páginas | ||
| 999 |
_c42155 _d42155 |
||